00344nam a22001337a 4500003000700000005001700007008004100024082001800065100003200083245003100115260003900146300000800185650001700193MPLRDC20220104124346.0210129b ||||| |||| 00| 0 eng d a868.71 ZLS-3  a郑良树、周福泰主编 a文学研讨会论文集c ab马来西亚华人文化协会c b平 a马华文学